000 00835nas a2200265 4500
001 BR9801351
003 BR-BrBNA
005 20231205100956.0
007 ta
008 230509b bl.|||p| |||| 00| 00por d
040 _aBR-BrBNA
_bpor
_cBiblioteca Nacional de Agricultura
041 _a(Pt)
072 _aP35; P33; P34
100 1 _aLana, M. do C.
100 1 _aNeves, J.C.L.
245 1 _aCapacidade de suprimento de potassio em solos sob reflorestamento com eucalipto do Estado de Sao Paulo
650 _aPotassio
650 _aCapacidade de Troca
650 _aDisponibilidade de Nutriente
650 _aSolucao do Solo
650 _aSao Paulo
773 0 _tRevista Arvore (Brazil)
_xISSN 0100-6762
_g(May-Aug 1994), v. 18(2) p. 115-122
_wBR9801351
909 _a202311
_bLúcia
_c55
_dLúcia Elande
942 _2AGRIS
_n0
_cANA
999 _c159112
_d159112